Keterangan Pemerintah tentang peristiwa pengeluaran Schmidt : (Record no. 62701)

MARC details
000 -LEADER
fixed length control field 00712cam a22002171 4500
001 - CONTROL NUMBER
control field sa 65002574
003 - CONTROL NUMBER IDENTIFIER
control field DLC
005 - DATE AND TIME OF LATEST TRANSACTION
control field 20260227112117.0
008 - FIXED-LENGTH DATA ELEMENTS--GENERAL INFORMATION
fixed length control field 850422s1959 io f000 0 ind
010 ## - LIBRARY OF CONGRESS CONTROL NUMBER
LC control number sa 65002574
035 ## - SYSTEM CONTROL NUMBER
System control number (OCoLC)11949224
040 ## - CATALOGING SOURCE
Original cataloging agency DLC
Transcribing agency IDeKN
Modifying agency DLC
042 ## - AUTHENTICATION CODE
Authentication code premarc
050 00 - LIBRARY OF CONGRESS CALL NUMBER
Classification number DS644.1.S3
Item number A55 1959
110 1# - MAIN ENTRY--CORPORATE NAME
Corporate name or jurisdiction name as entry element Indonesia.
Subordinate unit Perdana Menteri.
245 10 - TITLE STATEMENT
Title Keterangan Pemerintah tentang peristiwa pengeluaran Schmidt :
Remainder of title diutjaphan oleh Djuanda dalam rapat pleno Dewan Perwakilan Rakjat tanggal 24 April 1959.
260 ## - PUBLICATION, DISTRIBUTION, ETC.
Place of publication, distribution, etc. [Djakarta :
Name of publisher, distributor, etc. Kementerian Penerangan,
Date of publication, distribution, etc. 1959].
300 ## - PHYSICAL DESCRIPTION
Extent 20 p. ;
Dimensions 21 cm.
440 #0 - SERIES STATEMENT/ADDED ENTRY--TITLE
Title Penerbitan chusus;
Volume/sequential designation 53
600 10 - SUBJECT ADDED ENTRY--PERSONAL NAME
Personal name Schmidt, Henricus.

No items available.

Powered by Koha